Introduction to Business (Record no. 34453)
[ view plain ]
| 000 -LEADER | |
|---|---|
| fixed length control field | 00344nam a2200133Ia 4500 |
| 008 - FIXED-LENGTH DATA ELEMENTS--GENERAL INFORMATION | |
| fixed length control field | 231019s9999 xx 000 0 und d |
| 082 ## - DEWEY DECIMAL CLASSIFICATION NUMBER | |
| Classification number | 650 |
| Item number | KHA-I |
| 100 ## - MAIN ENTRY--AUTHOR | |
| Author Name | Khalid Mehmood Cheema |
| 245 #0 - TITLE STATEMENT | |
| Title | Introduction to Business |
| 260 ## - PUBLICATION, DISTRIBUTION, ETC. | |
| Place of Publication | Lahore, Pakistan |
| Name of publisher, distributor, etc. | Syed Mobin Mehmud & Co. |
| Date of publication, distribution, etc. | 2014 |
| 300 ## - PHYSICAL DESCRIPTION | |
| Pages | 247 |
| 650 ## - SUBJECT ADDED ENTRY--TOPICAL TERM | |
| Subject / Department | Accounting |
| 952 ## - LOCATION AND ITEM INFORMATION (KOHA) | |
| -- | 0 |
| -- | 0 |
| Lost status | Damaged status | Permanent Location | Current Location | Date acquired | Full Call Number | Accession No./Barcode | Date last seen | item type |
|---|---|---|---|---|---|---|---|---|
| Superior Information Resource Center (SIRC) Superior University - City Campus | Superior Information Resource Center (SIRC) Superior University-Law Campus | 10/19/2023 | 650 KHA-I | 28002 | 09/26/2024 | BOOK |
